000
00291nam a22001337a 4500
003
SGT
082
_a
613.3
_b
C09P
100
_a
PANDEY, SURESHWAR
245
_a
CLINICAL ORTHOPEDIC DIAGNOSIS
260
_a
INDIA
_b
JAYPEE
_c
2009
300
_a
729
650
_a
ORTHOPEDIC
942
_2
ddc
_c
BK
999
_c
14596
_d
14596